000 00604nam a2200205Ia 4500
001 8877
003 GE_BSU
008 181216s||||||||xx |||||||||||||| ||und||
040 _cGE_BSU
080 _a821.353.1–1
100 _aკალანდაძე,გ
245 _aლექსები
245 _cრედ.ალ.სულავა;
260 _aთბილისი
260 _bსაბავშვო და ახალგაზრდობის ლიტ.გამ–ბა
260 _c1939
300 _a39გვ,14სმ.
653 _aლექსები
942 _cBK
999 _c42184
_d42184